000 00835nam a22002657a 4500
999 _c1873
_d1873
003 AR-CdUCM
008 190228b ||||| |||| 00| 0 spa d
020 _a8449966728
040 _aMUNICIPALIDAD PROVINCIAL DEL CUSCO
_cBIBLIOTECA MUNICIPAL DEL CUSCO
041 _heng
082 _a818.52 /
_bEL95
100 _aOdiseas, Elitis
_96863
245 _aDignum Est
_cOdiseas, Elitis
260 _aBarcelona :
_bOrbis,
_c1983.
300 _a154 paginas ;
_c20cm.
440 _aPremios Nobel
_n31
_96864
505 _aEl genesis -- La Pasion -- La marcha hacia el frente -- los muleros -- La gran salida...
650 _aObras
_96865
650 _aLiteratura
_9416
650 _aPermios nobel
_96866
700 _aOdiseas, Elitis
_96863
700 _aCarandell, Cristián
_96867
942 _2ddc
_cLIBROS
945 _apjha
_d2019-02-28